| 000 | 00501nam a22001937a 4500 | ||
|---|---|---|---|
| 003 | OSt | ||
| 005 | 20140310182255.0 | ||
| 008 | 121116t xxu||||| |||| 00| 0 eng d | ||
| 020 | _a1863889817 | ||
| 050 |
_aPZ 7 _b.M379 1998 |
||
| 082 |
_aFIC _bM36f 1998 |
||
| 100 |
_aMartin, S. R. _920323 |
||
| 245 |
_aFungus / _cS.R Martin |
||
| 260 |
_aAustralia : _bScholastic Inc., _c1998. |
||
| 300 |
_a74 p. : _bill. ; _c18 cm |
||
| 650 |
_aFungus _xFiction. _920324 |
||
| 942 |
_2lcc _cBK-FIC |
||
| 999 |
_c11466 _d11466 |
||